Loading...
The Image of the Female Karsthans in Lucas Cranach's Women Assaulting Clergy
Saved in:
| Published in: | Archiv für Reformationsgeschichte 115(2024), 1, Seite 69-102 |
|---|---|
| Main Author: | |
| Document Type: | Online Resource Article |
| Language: | English |
| Published: |
2024
|
| Online Access: | lizenzpflichtig lizenzpflichtig |
| Related Items: | Enthalten in:
Archiv für Reformationsgeschichte |
| LEADER | 01294naa a22003012c 4500 | ||
|---|---|---|---|
| 001 | 1922845779 | ||
| 003 | DE-627 | ||
| 005 | 20250414115515.0 | ||
| 007 | cr uuu---uuuuu | ||
| 008 | 250414s2024 xx |||||o 00| ||eng c | ||
| 024 | 7 | |a 10.14315/arg-2024-1150103 |2 doi | |
| 035 | |a (DE-627)1922845779 | ||
| 035 | |a (DE-599)KXP1922845779 | ||
| 040 | |a DE-627 |b ger |c DE-627 |e rda | ||
| 041 | |a eng | ||
| 084 | |a 1 |2 ssgn | ||
| 100 | 1 | |a Trayner, Jonathan |e VerfasserIn |0 (DE-588)1363010921 |0 (DE-627)1922843172 |4 aut | |
| 245 | 1 | 4 | |a The Image of the Female Karsthans in Lucas Cranach's Women Assaulting Clergy |
| 264 | 1 | |c 2024 | |
| 336 | |a Text |b txt |2 rdacontent | ||
| 337 | |a Computermedien |b c |2 rdamedia | ||
| 338 | |a Online-Ressource |b cr |2 rdacarrier | ||
| 773 | 0 | 8 | |i Enthalten in |t Archiv für Reformationsgeschichte |d Berlin : de Gruyter, 1904 |g 115(2024), 1, Seite 69-102 |h Online-Ressource |w (DE-627)777284995 |w (DE-600)2753694-4 |w (DE-576)40025770X |x 2198-0489 |7 nnas |
| 773 | 1 | 8 | |g volume:115 |g year:2024 |g number:1 |g pages:69-102 |
| 856 | 4 | 0 | |u https://doi.org/10.14315/arg-2024-1150103 |x Resolving-System |z lizenzpflichtig |3 Volltext |7 1 |
| 856 | 4 | 0 | |u https://www.degruyterbrill.com/document/doi/10.14315/arg-2024-1150103/html |x Verlag |z lizenzpflichtig |3 Volltext |7 1 |
| 951 | |a AR | ||
| 999 | |a KXP-PPN1922845779 |e 4955699057 | ||

